000 00405pab a2200157 454500
008 180718b2001 xxu||||| |||| 00| 0 eng d
100 _aPurkayastha, Gautam
245 _aRural indebtedness in Assam: changing scenario
260 _c2001
300 _ap.2239-241
362 _a23 Jun
650 _aDebts - India - Assam
650 _aDebts
773 _aEconomic and Political Weekly
909 _a48939
999 _c48939
_d48939